| 000 | 02972nam a2200397 i 4500 | ||
|---|---|---|---|
| 003 | DO-SdBNP | ||
| 005 | 20260421115622.0 | ||
| 007 | ta | ||
| 008 | 210903b2020 dr ||||| |||| 00| 0 spa d | ||
| 020 | _a9789945074369 | ||
| 040 |
_aDO-SdBNP _bspa _cBNPHU _erda |
||
| 041 | _aspa | ||
| 082 | 4 |
_a923.27293 _bB742p 2020 _222 |
|
| 100 | 1 |
_aPérez Stefan, Reynolds J. _eautor _4aut. _938778 |
|
| 245 | 1 | 0 |
_aMemorias de Juanito : _bhistoria vivida y recogida en las riberas del río Camú / _cReynolds J. Pérez Stefan ; prólogo a la presente edición, Roberto Cassá ; prólogo a la primera edición, León David. |
| 250 | _acuarta edición | ||
| 264 | 4 |
_aSanto Domingo, República Dominicana : _bArchivo General de la Nación, _c©2020. |
|
| 300 |
_a234 páginas : _bilustraciones, fotos, retratos ; _c23 cm. |
||
| 336 |
_atexto _btxt _2rdacontent |
||
| 337 |
_asin mediación _bn _2rdamedia |
||
| 338 |
_avolumen _bnc _2rdacarrier |
||
| 490 | 0 |
_aArchivo General de la Nación _v384 |
|
| 500 | _aIncluye datos biográficos del autor en la solapa de la cubierta | ||
| 500 | _aIncluye índice onomástico | ||
| 500 | _aIncluye referencias bibliográficas y notas al pie de las páginas | ||
| 504 | _aBibliografía : páginas 221-224 | ||
| 505 | 0 |
_aPrólogo a la presente edición / _rRoberto Cassá -- _tPrólogo a la primera edición / _rLeón David -- _gPrimera parte-- _tRealidad social, política y económica de España a finales del siglo XIX y principios del XX -- _gSegunda parte. _tRealidad social, política y económica de Puerto Rico a finales del siglo XIX y principios del XX -- _gTercera parte-- _tRealidad social, política y económica de la República Dominicana a finales del siglo XIX y principios del XX -- _gCuarta parte-- _tRealidad social, política y económica de La Vega a finales del siglo XIX y principios del XX -- _gQuinta parte-- _tOrígenes familiares, nacimiento de Juanito, sus primeros años en La Vega -- _gSexta parte-- _gSéptima parte-- _tSu nuevo hogar, su nuevo barrio, sus primeras actividades pueblerinas, sus amigos y actividades familiares, acontecimientos de La Vega -- _tHistoria escolar; el autodidacta, condiscípulos, cuerpo profesoral, el adolescente, inicios en literatura, actividades culturales, actividades políticas, actividades pueblerinas, estudios de artes, enfermedad, partida de La Vega -- _tComentarios finales -- _t Carta de Silvio Morillo Álvarez -- _tMiscelánea de Juanito. |
|
| 590 | _aInventariado, 2021 /LP | ||
| 600 | 1 | 0 |
_a Bosch, Juan, _d1909-2001 _976555 |
| 650 | 4 |
_aPresidentes _vBiografías _zRepública Dominicana _91288 |
|
| 651 | 4 |
_aRepública Dominica _xHistoria _y1961- _981725 |
|
| 700 | 1 |
_aCassá, Roberto, _d1948- _eprologuista _4pr. _910888 |
|
| 700 | 1 |
_aLeón David, _d1945- _eprologuista _4pr. _984930 |
|
| 910 | _aValidado. Control de calidad MFF | ||
| 942 |
_2ddc _cLBS1 |
||
| 999 |
_c50391 _d50391 |
||